000 00237 a2200097 4500
020 _a9781585746958
100 _aMurray,Nina Chandler
245 _aThe cruise of the Blue Dolphin : a family's adventure at sea
942 _cBK
999 _c7733
_d7733
999 _d7733